000 00538nam a2200205Ia 4500
999 _c13670
_d13670
003 0100
005 20170526075457.0
008 130303s9999 xx 000 0 und d
020 _a435325450
040 _cARRUPELIB
050 _aDT434.B8L695 1971B
100 _aLow, David Anthony
_931065
245 4 _aThe mind of Buganda
245 _bdocuments of the modern history of an African kingdom
260 _bHeinemann Educational
_aLondon
_c1971
300 _a234p.
300 _b 23cm.
650 _bBuganda
_xPolitics
_931066
942 _2lcc
_cMONOGRAPH